000 01153nam2a22002531 4500
001 RU\NLR\INFOCOMM16\1000100113
005 20260607080330.0
035 _a(NLR Aleph) 002589445
090 _a3347835
_c3347835
100 _a20040531d1914 |||y0rusy50 ca
101 0 _arus
102 _aRU
105 _ay |||||||||
200 1 _aПроблема финансовой боевой готовности и финансовая боевая готовность России
_fИ.И. Левин
210 _d1914
_aБ. м.
461 0 _1001RU\NLR\INFOCOMM16\1000100104
_12001#$aИзвестия Общества финансовых реформ$v№9
_93347792
_aОбщество финансовых реформ (Петербург)
_cСПб.
_d1910-1915
_tИзвестия Общества финансовых реформ
_v№9
700 1 _4070
_7ca
_8rus
_aЛевин
_bИ. И.
_cэкономист, политэкономия
_f1887-1945
_gИсаак Ильич
_9253950
_3RU\NLR\AUTH\770254006
801 1 _aRU
_bInfoComm
_c20040531
801 0 _aRU
_bNLR
_gPSBO
852 _aNLR
_j2/714
942 _cISSUE
980 _aNB
980 _aRUSPER